Statistics for Count as High as You Can - 15 Second Sprint (advanced)

Click here to take the quiz!

General Stats

  • This quiz has been taken 2,131 times
  • The average score is 31 of 70

Answer Stats

# % Correct
1
99%
2
98%
3
98%
4
97%
5
97%
6
96%
7
96%
9
95%
8
95%
10
93%
11
92%
12
90%
13
88%
14
88%
15
86%
16
86%
17
85%
18
84%
19
83%
20
80%
21
78%
22
76%
23
74%
24
73%
25
71%
26
69%
27
66%
28
64%
29
61%
30
57%
31
52%
32
49%
33
45%
34
41%
35
40%
36
37%
37
35%
38
34%
39
29%
40
25%
41
22%
42
20%
43
18%
44
16%
45
14%
46
12%
47
12%
48
11%
49
9%
50
8%
51
7%
52
7%
53
6%
54
5%
55
4%
56
4%
57
4%
58
3%
59
3%
60
3%
61
3%
62
2%
63
2%
64
2%
65
2%
66
2%
70
2%
67
1%
68
1%
69
1%

Score Distribution

Percentile by Number Answered

Percent of People with Each Score

Your Score History

You have not taken this quiz